| 000 | 00784nam a22002537a 4500 | ||
|---|---|---|---|
| 001 | 49444 | ||
| 003 | UA-OsUOA | ||
| 005 | 20230901151208.0 | ||
| 007 | ta | ||
| 008 | 20071004b un ||||| |||| 00| 0 ukr d | ||
| 020 | _a0919452213 | ||
| 040 |
_aUA-OsUOA _bukr _cUA-OsUOA _dUA-OsUOA |
||
| 041 | _aukr | ||
| 080 | _a82.09 | ||
| 090 |
_a82.09 _bС47 |
||
| 100 | _aСлавутич Я. | ||
| 245 |
_aУ вирі багатокультурности. Спогади сучасника _cЯр Славутич |
||
| 260 |
_aЕдмонтон _c1988 _bСлавута |
||
| 300 | _a224 с. | ||
| 650 | 7 |
_a82 Література. Літературознавство _2UDC |
|
| 942 |
_cBK _2udc |
||
| 955 | _a3 | ||
| 999 |
_c335550 _d335550 |
||